Analisis del cumplimiento de la legislacion forestal

Detalles Bibliográficos
Autor principal: Melňdez Moncada, Mara̕ Magdalena
Formato: eBook
Lenguaje:español
Publicado: Tegucigalpa: Editorial Acadm̌ica Espaǫla, 2019
Materias:
Acceso en línea:Acceso restringido

MARC

LEADER 00000nam a22000007a 4500
005 20191005004511.0
007 cr|||| ||||
008 191005s2019 hn |||||s|||| 00||0 spa d
020 |a 9786139051748 
035 |a 29369 
040 |a vLex 
090 |c 9731  |d 9731 
100 1 |a Melňdez Moncada, Mara̕ Magdalena 
245 1 0 |a Analisis del cumplimiento de la legislacion forestal  |h [Recurso electrn̤ico] /  |c Mara̕ Magdalena Melňdez Moncada 
256 |a Servicio en ln̕ea 
260 |a Tegucigalpa:  |b Editorial Acadm̌ica Espaǫla,  |c 2019 
300 |a 1 recurso electrn̤ico 
500 |a Con el presente trabajo se estudian los instrumentos jurd̕icos que regulan el control de la Plaga del Gorgojo del pino en el pas̕, y se analiza la legislacin̤ forestal existente, as ̕como los preceptos constitucionales como punto de partida, analizando la relacin̤ que tienen con el Derecho Ambiental. Se estudia minuciosamente la normatividad forestal ambiental en contraposicin̤ con las normativas municipales vigentes en el Municipio de Gualaco, haciendo un anl̀isis crt̕ico y extendiendo a la aplicacin̤ de la legislacin̤ conforme a las necesidades en la incidencia y sobre todo en la prevencin̤ y control de la plaga del gorgojo del pino en el Municipio de Gualaco.- Este trabajo de investigacin̤ recoge la opinin̤ de los actores principales del sector forestal a nivel local y nacional, especf̕icamente los directamente relacionados con la prevencin̤ y el control de la plaga del gorgojo del pino en el Municipio de Gualaco; la que constituye la base para emitir una reflexin̤ final sobre el cumplimiento de la legislacin̤ forestal en el control de la plaga del gorgojo del pino en el municipio de Gualaco, departamento de Olancho, Honduras C.A. 
506 1 |a Disponible solo en los productos indicados  |d vLex Global  |d vLex Global (Academic Edition, excluding Law Schools)  |d vLex Global (U.S. Academic Edition, Law Schools)  |d vLex Global (U.S. Academic Edition, excluding Law Schools)  |d vLex Global (Academic Edition, Law Schools) 
650 0 4 |a Derecho Pb︢lico y Administrativo  |z Honduras 
740 0 |a vLex Libros (Servicio en ln̕ea) 
856 4 0 |u http://vlex.com/source/29369  |z Acceso restringido 
942 |c BOOK 
999 0 |a Public and Administrative Law